Normal view
MARC view
Entry Nome pessoal
001 - NÚMERO DE CONTROLE
- campo de controle: 83
003 - IDENTIFICADOR DO NÚMERO DE CONTROLE
- campo de controle: Br
005 - DATA E HORÁRIO DA ÚLTIMA TRANSAÇÃO
- campo de controle: 20250121140146.0
008 - CAMPO DE DADOS FIXOS
- campo de controle de tamanho fixo: 161124 acnacab n a aaa
035 ## - NÚMERO DE CONTROLE DO SISTEMA
- Número de Controle do Sistema: 2002121710201240med
040 ## - FONTE DA CATALOGAÇÃO
- Instituição da catalogação original: BR-RjBN
- Idioma da catalogação: por
100 1# - CABEÇALHO--NOME PESSOAL
- Nome pessoal: Auster, Paul,
- Datas associadas ao nome: 1947-2024
400 1# - REMISSIVA VER--NOME PESSOAL
- Nome pessoal: Auster, Paul Benjamin
- Datas associadas ao nome: 1947-
670 ## - FONTE POSITIVA DOS DADOS
- Citação da fonte positiva dos dados: Autor de: A triologia de Nova York. [1990?]
670 ## - FONTE POSITIVA DOS DADOS
- Citação da fonte positiva dos dados: LC name aut. 77/83 sep.
- Dados encontrados na fonte localizada no subcampo: (AACR2; d.n.: 1947)
670 ## - FONTE POSITIVA DOS DADOS
- Citação da fonte positiva dos dados: LC name aut. 86 jan-sep.
- Dados encontrados na fonte localizada no subcampo: (AACR2)
670 ## - FONTE POSITIVA DOS DADOS
- Citação da fonte positiva dos dados: https://pt.wikipedia.org/wiki/Paul_Auster 24/11/2016
- Dados encontrados na fonte localizada no subcampo: (Paul Benjamin Auster nasceu em Newark, em Nova Jérsei, Estados Unidos, em 3 de fevereiro de 1947, é um escritor norte-americano autor de vários best-sellers como Timbuktu, O Livro das Ilusões, A Noite do Oráculo e A Música do Acaso)
675 ## - FONTE NEGATIVA DOS DADOS
- Citação da fonte positiva dos dados: CA/FGV